000 00687nam a22001697a 4500
005 20251108165800.0
008 250721s1964 xx 000 0 ara d
082 1 4 _aم/341.1856/جام
245 1 0 _aتقرير الأمين العام إلى مجلس جامعة الدول العربية في دور إنعقاده العادي الحادي و الأربعين 21 آذار 1964 /
264 1 _aالقاهرة :
_bجامعة الدول العربية،
_c1964.
300 _a199ص
650 1 7 _aجامعة الدول العربية
650 1 7 _aالتقارير
710 2 _aجامعة الدول العربية . الأمانه العامة
942 _2ddc
_cREF
999 _c31151
_d31151